Southville International School and Colleges
Your cart is empty.
  • Cart
  • Lists
    Public lists list_1 View all
    Your lists Log in to create your own lists
  • Log in to your account
  • Your cookies
  • Search history
Southville International School and Colleges
  • Advanced search
  • Recent comments
  • Most popular
  • Libraries

Log in to your account

Log in with GOOGLE


If you do not have an external account, but do have a local account, you can still log in:

  1. Home
  2. MARC view: Powers of healing /
Normal view MARC view ISBD view

Powers of healing / (Record no. 4862)

[ view plain ]
MARC details
000 -LEADER
fixed length control field 00410nam a22001697a 4500
003 - CONTROL NUMBER IDENTIFIER
control field OSt
005 - DATE AND TIME OF LATEST TRANSACTION
control field 20140310181839.0
008 - FIXED-LENGTH DATA ELEMENTS--GENERAL INFORMATION
fixed length control field 130708t xxu||||| |||| 00| 0 eng d
050 ## - LIBRARY OF CONGRESS CALL NUMBER
Classification number RZ 401
Item number .P888 1989
082 ## - DEWEY DECIMAL CLASSIFICATION NUMBER
Classification number REF 133
Item number M999 1989
245 ## - TITLE STATEMENT
Title Powers of healing /
260 ## - PUBLICATION, DISTRIBUTION, ETC. (IMPRINT)
Place of publication, distribution, etc Virginia :
Name of publisher, distributor, etc Time-Life Books,
Date of publication, distribution, etc 1989.
300 ## - PHYSICAL DESCRIPTION
Extent 143 p. ;
Dimensions 28 cm.
562 ## - COPY AND VERSION IDENTIFICATION NOTE
Number of copies 1
942 ## - ADDED ENTRY ELEMENTS (KOHA)
Source of classification or shelving scheme Library of Congress Classification
Koha item type Books
Holdings
Withdrawn status Lost status Source of classification or shelving scheme Damaged status Home library Current library Shelving location Date acquired Total Checkouts Full call number Barcode Date last seen Copy number Price effective from Koha item type
    Library of Congress Classification   Luxembourg Library Luxembourg Library Reference Section 07/08/2013   RZ 401 .P888 1989 6206 03/10/2020 1 07/08/2013 Books

Powers of healing /

APA

(1989). Powers of healing. Virginia: Time-Life Books.

Chicago

1989. Powers of healing. Virginia: Time-Life Books.

Harvard

(1989). Powers of healing. Virginia: Time-Life Books.

MLA

Powers of healing. Virginia: Time-Life Books. 1989.

  • Print
  • Cite
  • Add to your cart (remove)
  • Save record
    BIBTEX Dublin Core MARCXML MARC (non-Unicode/MARC-8) MARC (Unicode/UTF-8) MARC (Unicode/UTF-8, Standard) MODS (XML) RIS
  • More searches
    Search for this title in:
    Other Libraries (WorldCat) Other Databases (Google Scholar) Online Stores (Bookfinder.com) Open Library (openlibrary.org)

Exporting to Dublin Core...

SOUTHVILLE LIBRARY

Southville International School and Colleges Library

1281 Tropical Ave. Cor. Luxembourg St., BF Homes International, Las Pinas City

Tel. No. 8256374 / 252358 Loc. 117/146

Powered by Koha